| 000 | 00506nam a2200181Ia 4500 | ||
|---|---|---|---|
| 005 | 20241218170358.0 | ||
| 008 | 231217s9999 xx 000 0 und d | ||
| 020 | _a9780070665842 | ||
| 082 | _a621.319 STE;8 | ||
| 100 | _aStevenson, William D. | ||
| 245 | 0 | _aElements of power system analysis | |
| 250 | _a4th ed. | ||
| 260 |
_c1982 _bMcGraw-Hill books _aSingapore |
||
| 300 | _axii,436 | ||
| 400 | _aElectrical and electronic engineering series | ||
| 500 | _aContent page available | ||
| 942 | _cAA | ||
| 999 |
_c183918 _d183918 |
||